I knock at the door ; swift glances back at things that made me.

Bibliographic Details
Main Author: O'Casey, Sean, 1880-1964
Format: Book
Language:English
Published: New York : Macmillan Co., 1949
Subjects:

MARC

Tag First Indicator Second Indicator Subfields
LEADER 00000cam a2200000 4500
001 in00000146949
005 20151005070107.0
008 720727c19491939nyuc 00000 eng d
010 |a  49006507  
035 |a (OCoLC)00366613 
035 |9 AAR4350AM 
040 |a WSU  |c WSU  |d TXA  |d UtOrBLW 
049 |a TXAM  |c [174519] 
050 0 |a PR6029.C33  |b Z55 1949 
082 0 |a 928.2 
100 1 |a O'Casey, Sean,  |d 1880-1964. 
245 1 0 |a I knock at the door ;  |b swift glances back at things that made me. 
264 1 |a New York :  |b Macmillan Co.,  |c 1949 
264 4 |c [©1939] 
300 |a 294 pages :  |b group portrait ;  |c 22 cm. 
336 |a text  |b txt  |2 rdacontent 
337 |a unmediated  |b n  |2 rdamedia 
338 |a volume  |b nc  |2 rdacarrier 
600 1 0 |a O'Casey, Sean,  |d 1880-1964. 
999 |a MARS 
999 f f |s f818ec3f-11ac-370a-9a24-1a25dca79acb  |i d56c1f47-c852-325e-b1ba-fb41e51dc17b  |t 0 
952 f f |p ric  |a Texas A&M University  |b Rellis Campus  |c Joint Library Facility  |d Remote Storage  |t 0  |e PR6029.C33 Z55 1949  |h Library of Congress classification  |i unmediated -- volume  |m A14804007394 
998 f f |a PR6029.C33 Z55 1949  |t 0  |l Remote Storage